Gujarat Education Cess Act, 1962 (Record no. 495322)

000 -LEADER
fixed length control field 00346cam a22001097a 4500
008 - FIXED-LENGTH DATA ELEMENTS--GENERAL INFORMATION
fixed length control field 180718b1962 xxu||||| |||| 00| 0 eng d
082 ## - DEWEY DECIMAL CLASSIFICATION NUMBER
Classification number P04x5441 G949
245 ## - TITLE STATEMENT
Title Gujarat Education Cess Act, 1962
Statement of responsibility, etc. by Legal Department, Ahmedabad
260 ## - PUBLICATION, DISTRIBUTION, ETC.
Place of publication, distribution, etc. Ahmedabad
Name of publisher, distributor, etc. The Government Cenral Press
Date of publication, distribution, etc. 1962
500 ## - GENERAL NOTE
General note 406-416p
700 ## - ADDED ENTRY--PERSONAL NAME
Personal name India. Legal Department
Holdings
Withdrawn status Lost status Damaged status Not for loan Permanent Location Current Location Date acquired Full call number Barcode Date last seen Price effective from Koha item type
        Indian Institute of Public Administration Indian Institute of Public Administration 2018-08-04 P04x5441 G949 GG2311 2018-08-04 2018-08-04 GG

Powered by Koha